000 00348 a2200169 4500
001 190889
020 _a85-08-08003-4
040 _cMagnum
100 _aLara, Cecília de
240 1 0 _aContos reunidos
_lpor
245 1 0 _aContos reunidos
300 _a188
362 0 _a2002
440 1 _aÁtica
697 _aLITERATURA GERAL
942 _cBK
999 _c190889
_d190889